000 00924nam a2200265 u 4500
001 000001864
005 20251117123732.0
008 090629s2007 dr r 000 0 spa d
040 _aDO-SdBNP
_bspa
_cBNPHU
082 _a364.1323
_bZ35v
100 1 _aZapete C. , Marino
_qZapete Corniel, Marino
_96075
245 1 3 _aLa volvieron loca /
_cMarino Zapete C.
260 _aSanto Domingo :
_bBúho,
_c2007.
300 _a156 p. ;
_c22 cm.
500 _aIncluye datos biográficos del autor.
590 _aInventariado, 2018/BT
650 4 _aPrácticas corruptas
_96076
650 4 _aCorrupción
_96038
650 0 _aCorrupción del Poder Judicial
_96077
650 0 _aJusticia social
_96078
650 0 _aCorrupción política
_zRepública Dominicana
_96079
650 0 _a Delitos de los funcionarios
_96080
651 0 _aRepública Dominicana
_xPolítica y gobierno
_945
910 _aValidado. Control de calidad. MMOLINA
999 _c1741
_d1741